000 00294nam a22001337a 4500
008 180926b xxu||||| |||| 00| 0 eng d
020 _a9780534576455
041 _aeng
080 _a316
100 _a50
101 _aSOC
245 _aChildhood Sexual Abuse
_cFerrara, F.F
942 _2udc
_cBK
999 _c48502
_d48502